Fútbol total: el entrenamiento físico del futbolista

Guardat en:
Dades bibliogràfiques
Autor principal: Weineck, Erlangen J (Autor)
Format: Llibre
Idioma:espanyol
Publicat: Barcelona Paidotribo 1994
Col·lecció:Colección Fútbol
Matèries:
Etiquetes: Afegir etiqueta
Sense etiquetes, Sigues el primer a etiquetar aquest registre!

MARC

LEADER 00000nam a2200000 a 4500
001 UCS2474
003 CL-VaPUC
008 970530e19940000SP |||||||||||||||||spa|d
082 0 4 |a 796.334  |b WEI  |2 21 
100 0 |a Weineck, Erlangen J  |e author  |9 387926 
245 1 0 |a Fútbol total: el entrenamiento físico del futbolista 
300 |a v 
942 |c BK 
945 |d 19970530 00:00:00  |a rleighto 
260 |a Barcelona  |b Paidotribo  |c 1994 
650 0 |a Fútbol  |9 307513 
650 7 |a ENTRENAMIENTO FISICO  |2 CL-VaPUC  |9 307393 
650 0 |a Deportes  |9 224367 
650 0 |a Actividad física  |9 362156 
583 |a last modification  |c 19970530 00:00:00  |k Rodrigo Vera 
490 0 |a Colección Fútbol 
999 |c 260428  |d 260426 
952 |0 0  |1 0  |4 0  |6 796_334000000000000_WEI_1994  |7 0  |8 A  |9 286571  |a BIBEDU  |b BIBEDU  |d 2019-11-19  |h v.1  |i 3313395  |o 796.334 WEI 1994  |p 3313395  |r 2019-11-19  |w 2019-11-19  |y BK  |k EFI 
952 |0 0  |1 0  |4 0  |6 796_334000000000000_WEI_1994  |7 0  |8 A  |9 286572  |a BIBEDU  |b BIBEDU  |d 2019-11-19  |h v.2  |i 3313409  |o 796.334 WEI 1994  |p 3313409  |r 2019-11-19  |w 2019-11-19  |y BK  |k EFI